| Tag |
First Indicator |
Second Indicator |
Subfields |
| LEADER |
00000cam a2200000 i 4500 |
| 001 |
in00004058513 |
| 005 |
20190718162932.0 |
| 008 |
180315t20182018nyua b 001 0 eng |
| 010 |
|
|
|a 2018008358
|
| 020 |
|
|
|a 9780190636814
|q hardcover ;
|q alkaline paper
|
| 020 |
|
|
|a 0190636815
|q hardcover ;
|q alkaline paper
|
| 020 |
|
|
|z 9780190636845
|q online content
|
| 020 |
|
|
|z 019063684X
|q online content
|
| 020 |
|
|
|z 9780190636821
|q updf
|
| 020 |
|
|
|z 0190636823
|q updf
|
| 020 |
|
|
|z 9780190636838
|q epub
|
| 020 |
|
|
|z 0190636831
|q epub
|
| 024 |
8 |
|
|a 40028714499
|
| 035 |
|
|
|a (OCoLC)on1037809153
|
| 040 |
|
|
|a DLC
|b eng
|e rda
|c DLC
|d OCLCO
|d OCLCF
|d OCLCQ
|d UKMGB
|d YDX
|d OCLCO
|d IUL
|d GZM
|d YUS
|d L2U
|d CHVBK
|d OCLCO
|d UtOrBLW
|
| 042 |
|
|
|a pcc
|
| 049 |
|
|
|a TXAM
|
| 050 |
0 |
0 |
|a BD395.5
|b .I53 2018
|
| 082 |
0 |
0 |
|a 111
|2 23
|
| 245 |
0 |
0 |
|a Individuation, process, and scientific practices /
|c edited by Otávio Bueno, Ruey-Lin Chen, Melinda Bonnie Fagan.
|
| 264 |
|
1 |
|a New York, NY :
|b Oxford University Press,
|c [2018]
|
| 264 |
|
4 |
|c ©2018
|
| 300 |
|
|
|a xi, 308 pages :
|b illustrations ;
|c 25 cm
|
| 336 |
|
|
|a text
|b txt
|2 rdacontent
|
| 337 |
|
|
|a unmediated
|b n
|2 rdamedia
|
| 338 |
|
|
|a volume
|b nc
|2 rdacarrier
|
| 504 |
|
|
|a Includes bibliographical references and index.
|
| 520 |
|
|
|a What things count as individuals, and how do we individuate them? It is a classic philosophical question often tackled from the perspective of analytic metaphysics. This volume proposes that there is another channel by which to approach individuation -- from that of scientific practices. From this perspective, the question then becomes: How do scientists individuate things and, therefore, count them as individuals? This volume collects the work of philosophers of science to engage with this central philosophical conundrum from a new angle, highlighting the crucial topic of experimental individuation and building upon recent, pioneering work in the philosophy of science. An introductory chapter foregrounds the problem of individuation, arguing it should be considered prior to the topic of individuality. The following chapters address individuation and individuality from a variety of perspectives, with prominent themes being the importance of experimentation, individuation as a process, and pluralism in individuation's criteria. Contributions examine individuation in a wide range of sciences, including stem cell biology, particle physics, and community ecology. Other chapters examine the metaphysics of individuation, its bearing on realism/antirealism debates, and interrogate epistemic aspects of individuation in scientific practice.
|
| 650 |
|
0 |
|a Haecceity (Philosophy)
|0 http://id.loc.gov/authorities/subjects/sh93004983
|
| 650 |
|
0 |
|a Individuation (Philosophy)
|0 http://id.loc.gov/authorities/subjects/sh85065694
|
| 650 |
|
0 |
|a Philosophy and science.
|0 http://id.loc.gov/authorities/subjects/sh85101000
|
| 650 |
|
0 |
|a Science
|x Philosophy.
|0 http://id.loc.gov/authorities/subjects/sh85118582
|
| 650 |
|
7 |
|a Haecceity (Philosophy)
|2 fast
|0 (OCoLC)fst00950171
|
| 650 |
|
7 |
|a Individuation (Philosophy)
|2 fast
|0 (OCoLC)fst00970369
|
| 650 |
|
7 |
|a Philosophy and science.
|2 fast
|0 (OCoLC)fst01060832
|
| 650 |
|
7 |
|a Science
|x Philosophy.
|2 fast
|0 (OCoLC)fst01108336
|
| 650 |
|
7 |
|a 08.35 philosophy of science.
|0 (NL-LeOCL)077593448
|2 nbc
|
| 650 |
|
7 |
|a Haecceitas.
|2 gnd
|0 (DE-588)4353165-9
|
| 650 |
|
7 |
|a Individuation
|g Philosophie.
|2 gnd
|0 (DE-588)4732869-1
|
| 650 |
|
7 |
|a Wissenschaftsphilosophie.
|2 gnd
|0 (DE-588)4202787-1
|
| 700 |
1 |
|
|a Bueno, Otávio,
|e editor.
|
| 700 |
1 |
|
|a Chen, Ruey-lin,
|e editor.
|
| 700 |
1 |
|
|a Fagan, Melinda Bonnie,
|e editor.
|
| 776 |
0 |
8 |
|i Online version:
|t Individuation, process, and scientific practices.
|d New York, NY, United States of America : Oxford University Press, [2018]
|z 9780190636845
|w (DLC) 2018028845
|
| 948 |
|
|
|a cataloged
|b h
|c 2019/4/4
|d c
|e ceaton
|f 2:51:13 pm
|
| 994 |
|
|
|a C0
|b TXA
|
| 999 |
f |
f |
|s 953d9259-0a6d-3dad-84a8-47ee83ca668f
|i e34d53cd-5bd7-3ddd-921f-8c1a9da29e92
|t 0
|
| 952 |
f |
f |
|p normal
|a Texas A&M University
|b College Station
|c Sterling C. Evans Library
|d Evans: Library Stacks
|t 0
|e BD395.5 .I53 2018
|h Library of Congress classification
|i unmediated -- volume
|m A14850910739
|
| 998 |
f |
f |
|a BD395.5 .I53 2018
|t 0
|l Evans: Library Stacks
|